La pintura desde el jardín: conversaciones con Marc Elder

Պահպանված է:
Մատենագիտական մանրամասներ
Հիմնական հեղինակ: Monet, Claude (autor)
Ձևաչափ: Գիրք
Լեզու:իսպաներեն
Հրապարակվել է: Madrid Casimiro Libros 2012
Խորագրեր:
Ցուցիչներ: Ավելացրեք ցուցիչ
Չկան պիտակներ, Եղեք առաջինը, ով նշում է այս գրառումը!

MARC

LEADER 00000cam a2200000 a 4500
001 UCF5540
003 CL-VaPUC
005 20220302171238.0
008 130318e20120000SP |||||||||||||||||spa|d
999 |c 351039  |d 351037 
020 |a 9788493967802 
040 |c Pontificia Universidad Católica de Valparaíso 
082 0 4 |a 759.4  |b MON  |2 21 
100 |a Monet, Claude  |e autor  |9 866886 
245 1 3 |a La pintura desde el jardín: conversaciones con Marc Elder 
260 |a Madrid  |b Casimiro Libros  |c 2012 
300 |a 68 p 
583 |a last modification  |c 20130318 11:20:00  |k Rodrigo Vera 
650 7 |a IMPRESIONISMO  |2 CL-VaPUC  |9 324638 
650 0 |a Pintura francesa  |9 266122 
650 0 |a Pintores franceses   |9 340354 
650 0 |a Biografías  |9 255210 
942 |c BK  |2 ddc 
945 |d 20130318 00:00:00  |a dcastane 
952 |0 0  |1 0  |4 0  |6 759_400000000000000_MON_2012  |7 0  |8 A  |9 454912  |a BIBART  |b BIBART  |d 2019-11-22  |i 4954270  |l 3  |o 759.4 MON 2012  |p 4954270  |r 2025-03-17  |s 2025-03-10  |w 2019-11-22  |y BK  |k ART